The standard and Poor's Guide to the perfect portfolio: Five steps to allocate your assets and ensure a lifetime of wealth
Guardat en:
| Autor principal: | |
|---|---|
| Format: | Llibre |
| Idioma: | anglès |
| Publicat: |
Nueva York
McGraw-Hill
2008
|
| Matèries: | |
| Etiquetes: |
Afegir etiqueta
Sense etiquetes, Sigues el primer a etiquetar aquest registre!
|
MARC
| LEADER | 00000nam a2200000 a 4500 | ||
|---|---|---|---|
| 001 | UCH1051 | ||
| 003 | CL-VaPUC | ||
| 008 | 090402e20080000US |||||||||||||||||eng|d | ||
| 020 | |a 9780071479349 | ||
| 082 | 0 | 4 | |a 338.9 |b KAY |2 21 |
| 100 | 0 | |a Kaye, Michael |e author |9 535393 | |
| 245 | 1 | 4 | |a The standard and Poor's Guide to the perfect portfolio: Five steps to allocate your assets and ensure a lifetime of wealth |
| 300 | |a 229 p | ||
| 942 | |c BK | ||
| 945 | |d 20090402 00:00:00 |a dcastane | ||
| 260 | |a Nueva York |b McGraw-Hill |c 2008 | ||
| 650 | 0 | |a Capital |9 263726 | |
| 650 | 0 | |a Crecimiento económico |9 314037 | |
| 650 | 0 | |a Equilibrio económico |9 322667 | |
| 650 | 0 | |a Desarrollo económico y social |9 256320 | |
| 650 | 0 | |a Teoría económica |9 315055 | |
| 583 | |a last modification |c 20090402 00:00:00 |k Rodrigo Vera | ||
| 999 | |c 333135 |d 333133 | ||
| 952 | |0 0 |1 0 |4 0 |6 338_900000000000000_KAY_2008 |7 0 |8 A |9 421333 |a BIBGIM |b BIBGIM |d 2019-11-22 |i 4531167 |o 338.9 KAY 2008 |p 4531167 |r 2025-01-15 |w 2019-11-22 |y BK |k COM | ||